000
00295nam a22001337a 4500
008
181017b xxu||||| |||| 00| 0 eng d
020
_a
0153593725
041
_a
eng
080
_a
510
100
_a
37
101
_a
MAT
245
_a
Trigometry hBJ Mathematics
_c
Arthur.F.C
942
_2
udc
_c
BK
999
_c
50001
_d
50001